Click Chain #20 - Statistics

General Stats
  • This quiz has been taken 6,386 times
  • The average score is 19 of 24
Answer Stats
Hint Answer % Correct
King Charles III’s first wife was: Princess Diana
97%
…whose title was the Princess of: Wales
97%
…whose national animal is a: Red Dragon
95%
...when Mattel introduced the: Ken Doll
84%
...who was portrayed by: Ryan Gosling
84%
...which starred: Kristen Stewart
82%
...who gave a speech about a wall in which he rhetorically spoke to: Mr. Gorbachev
82%
…when someone trying to impress Jodie Foster tried to assassinate: Ronald Reagan
82%
...which is what an American might call the London: Underground
82%
...who was born in: 1961
81%
…which introduced the character Hannibal Lecter in the year: 1981
81%
...who dazzled alongside Stone in: La La Land
80%
...whose letters (minus the "T") can be rearranged to spell: Slogans
80%
...which is trademarked by: Subway
80%
...which is usually paired with the concept of political openness, called: Glasnost
79%
...an example of which includes: Eat Fresh
76%
...which is the middle name of: Barack Obama
75%
...where the inciting incident was likely adultery committed by: Prince Charles
73%
...which is where 1st Brigade Combat Team found: Hussein
71%
...which at most can only measure about 0.3: Lux
71%
...where a measure of 3.4 would suggest: Twilight
71%
...which was accidentally awarded the Oscar that actually went to: Moonlight
62%
...whose self-defeating policy of decentralization was called: Perestroika
61%
...who was nominated for best actress in the film: Spencer
56%
No matching quizzes found
Score Distribution
Percent of People with Each Score
Percentile by Number Answered
Your Score History
You have not taken this quiz